| 000 | 01377nam a2200313 a 4500 | ||
|---|---|---|---|
| 999 |
_c391852 _d391852 |
||
| 003 | BLK | ||
| 005 | 20250417174443.0 | ||
| 008 | 201130b bu |||||r|||| 00| | bu d | ||
| 020 | _a9789540914138 | ||
| 040 | _aBLK | ||
| 041 |
_aBUL _cBUL |
||
| 080 |
_aБългарска литература _b821.163.2 _x-32 _z821.163.2-32 |
||
| 100 |
_aЙовков, Йордан Стефанов _d1880-1937 _gПисател класик - белетрист, драматург, майстор на късия разказ _9363298 |
||
| 139 |
_aЙовков, Йордан Стефанов _bИ 77 |
||
| 245 |
_aПесента на колелетата _cЙордан Йовков ; състав. и послесл. Панко Анчев |
||
| 257 | _aBGR | ||
| 260 |
_9209473 _aСофия _bЗахарий Стоянов _c2020 _fСофия : Лито Балкан _n978-954-739- ; 978-954-09- ; 954-9559- |
||
| 300 |
_a391 с. _c24 см |
||
| 380 | _aX | ||
| 500 | _aЙовковата цивилизация / Панко Анчев: с. 383-388 | ||
| 700 |
_91505 _aАнчев, Панко Кирилов _eсъстав. и послесл. |
||
| 852 |
_aЦб 305814 _bЦб |
||
| 852 |
_bП _c821.163.2-32/И 77 И |
||
| 856 |
_i0.00 _ldisable |
||
| 942 |
_cKNG _n0 _s1 _014 |
||
| 944 |
_aCR _k30576 _lЦветомила Тодорова |
||
| 944 |
_aED _kГГГ |
||
| 999 | _d391852 | ||